Най-малките държави в света - Statistics

General Stats
  • This quiz has been taken 71 times
  • The average score is 15 of 25
Answer Stats
Island % Correct
Ватикана
98%
Монако
90%
Андора
85%
Лихтенщайн
85%
Сан Марино
83%
Малта
63%
Науру
63%
Кирибати
61%
Палау
61%
Тувалу
59%
Тонга
58%
Сейшели
58%
Микронезия
54%
Малдиви
54%
Сао Томе и Принсипи
53%
Сингапур
53%
Сейнт Лусия
51%
Сейнт Китс и Невис
51%
Бахрейн
49%
Гренада
49%
Барбадос
47%
Маршали
47%
Доминика
41%
Антигуа и Барбуда
41%
Сейнт Винсънт и Гренадини
36%
No matching quizzes found
Score Distribution
Percent of People with Each Score
Percentile by Number Answered
Your Score History
You have not taken this quiz